Responses for Show #5294 - Thursday, September 20, 2007

Contestants

[<< previous game]

Erica Endicott, a graphic designer from Atlanta, Georgia

Donal Coomey, a masonry restoration specialist from Arlington, Massachusetts

Ann Gavaghan, a congressional staffer from Washington, D.C. (whose 1-day cash winnings total $12,399)

[next game >>]

Jeopardy! Round responses

CSI: SHAKESPEARE
1970s NO. 1 HITS
FASHION SENSE
CATCHING SOME "Z"s
OFFICIAL STATE THINGS
THE STAR-SPANGLED BANNER LYRICS
    $200 12
Hamlet

Donal
    $200 11
The Carpenters

Erica
    $200 2
(Alex: Yeah, hard to believe, it was worn right up there on your [*].)
[Laughter]

head

Triple Stumper
    $200 1
zone

Erica
    $200 22
monarch

Donal
    $200 15
(Ann: What is save?)

wave

Ann
Triple Stumper
    $400 13
Macbeth

Ann
    $400 27
(Donal: Who is Donovan?)
...
[The end-of-round signal sounds.]

Olivia Newton-John

Donal
Triple Stumper
    $400 3
Old Mother Hubbard

Ann
    $400 7
zucchini

Ann
    $400 23
(Ann: What is tree?)
(Erica: What is bush?)

flower

AnnErica
Triple Stumper
    $400 16
(Donal: What is blue?)

red

AnnDonal
    $600 14
Romeo and Juliet

Erica
    $600 4
(Erica: What's a dinner [*]?)
(Alex: Mmmm, nope. Anyone else? What is a [*]? Not a dinner [*]. More along the lines of a coat or an overcoat.)

jacket

Erica
Triple Stumper
    $600 8
zero gravity

Donal
    $600 24
bat

Ann
    $600 17
ramparts

Erica
    $800 20
King Lear

Donal
    $800 5
painter

Ann
    $800 9
the Zambezi

Donal
    $800 25
nutmeg

Donal
    $800 18
(Erica: What's an exclamation point?)
(Alex: No. Ann or Donal? What is a [*]? Exclamation park... mark is the second verse.)

question mark

Erica
Triple Stumper
    $1000 21
[Alex dons glasses after "looks like".]
(Alex: Nobody wants to ring in on this one for [*], Duke of Clarence?)

Richard III

Triple Stumper
    $500 6
(Ann: What is a durndel?)
(Alex: No... the French name for a Polish dance, a [*]? Sounds easy after you get it, right?)

polonaise

Ann
    $1000 10
zenith

Ann
    $1000 26
trout

Triple Stumper
    $1000 19
(Ann: What is dawn and early?)
(Erica: What is dawn and night?)

dawn & twilight

AnnErica
Triple Stumper

Scores at the first commercial break (after clue 14):

Ann Donal Erica
$2,500 $1,600 $400

Scores at the end of the Jeopardy! Round:

Ann Donal Erica
$1,900 $2,600 -$1,200

Double Jeopardy! Round responses

CIVIL WAR MILITARY LEADERS
(Alex: We want you to name the movie in...)
LEND US THY VOICE
AN ORGAN-IC CATEGORY
UP, UP & AWAY
ON THE "M"AP
RELATED WORDS
    $400 26
Sherman

Erica
    $400 11
Finding Nemo

Erica
    $400 16
kidney

Erica
    $400 21
Paris

Erica
    $400 1
(Erica: What is Maryland?)

Mississippi

AnnErica
    $400 6
paddock

Triple Stumper
    $1,000 27
(Erica: Who are the Bandits?)

Raiders

Erica
    $800 12
The Incredibles

Triple Stumper
    $800 17
lungs

Erica
    $800 22
Concorde

Donal
    $800 2
Melbourne

Donal
    $1,600 7
forge

Donal
    $1200 28
[The end-of-round signal sounds.]

Burnside

Triple Stumper
    $1200 13
Madagascar

Triple Stumper
    $1200 18
the appendix

Erica
    $1200 23
sonic boom

Erica
    $1200 3
Montreal

Donal
    $1200 8
shears

Donal
    $1600 14
The Jungle Book

Erica
    $1600 19
gall bladder

Erica
    $1600 24
Chuck Yeager

Erica
    $1600 4
Moldova

Erica
    $1600 9
culpable

Erica
    $2000 15
Eragon

Triple Stumper
    $2000 20
the pancreas

Erica
    $2000 25
Voyager

Triple Stumper
    $2000 5
Makkedah

Donal
    $2000 10
(Donal: What is sanctify?)

hallow

Donal
Triple Stumper

Scores at the end of the Double Jeopardy! Round:

Ann Donal Erica
$2,300 $8,200 $12,200

[wagering suggestions for these scores]

Final Jeopardy! Round responses

CHAMPIONSHIP SPORTS
(Alex: [To Donal] Florida's not enough all by itself... [Checking with a producer] It is? Okay!)
AnnWhat is the University of Florida?
$2,001
DonalWhat is Florida
$5,900
EricaWhat is Florida?
$1,000
the University of Florida

Final scores:

Ann Donal Erica
$4,301 $14,100 $13,200
3rd place: $1,000 New champion: $14,100 2nd place: $2,000

Game dynamics:

Coryat scores:

Ann Donal Erica
$2,800 $7,400 $13,200
8 R,
4 W
(including 1 DD)
12 R
(including 1 DD),
3 W
17 R,
6 W
(including 1 DD)

Combined Coryat: $23,400

[game clues] [game scores] [suggest correction]

Game tape date: 2007-07-18
The J! Archive is created by fans, for fans. Scraping, republication, monetization, and malicious use prohibited; this site may use cookies and collect identifying information. See terms. The Jeopardy! game show and all elements thereof, including but not limited to copyright and trademark thereto, are the property of Jeopardy Productions, Inc. and are protected under law. This website is not affiliated with, sponsored by, or operated by Jeopardy Productions, Inc. Join the discussion at JBoard.tv.